| 000 | 00604cam a2200205 a 4500 | ||
|---|---|---|---|
| 999 |
_c108933 _d108933 |
||
| 001 | 12448727 | ||
| 005 | 20181116100328.0 | ||
| 008 | 010622s2001 nyua 001 0 eng | ||
| 020 | _a0070590370 | ||
| 040 | _cPK-LaUMT | ||
| 082 | 0 | 0 |
_a658.785 _221 _bFRA- |
| 100 | 1 | _aFrazelle, Edward | |
| 245 | 1 | 0 |
_aWorld-class warehousing and material handling / _cEdward Frazelle |
| 260 |
_aNew York : _bTata McGraw-Hill Publishing Company, _c2002 |
||
| 300 |
_aix, 242 p. : _bill. ; _c24 cm. |
||
| 500 | _aIncludes index. | ||
| 650 | 0 |
_aWarehouses _xManagement. |
|
| 650 | 0 | _aMaterials handling. | |
| 942 | _cBK | ||